Score 0/30 Timer 03:00
56 Plays Today
Question Answer Wrong Answers
Ant-Man Marvel
97.7%
Star Wars
0.4%
Iron Man Marvel
97.6%
Star Wars
0.5%
Black Panther Marvel
97.6%
Star Wars
0.4%
Thor Marvel
97.6%
Star Wars
0.5%
Spider-Man Marvel
97.6%
Star Wars
0.6%
Captain America Marvel
97.5%
Star Wars
0.6%
Deadpool Marvel
97.5%
Star Wars
0.5%
Hulk Marvel
97.5%
Star Wars
0.6%
C-3PO Star Wars
97.4%
Marvel
0.8%
Obi-Wan Kenobi Star Wars
97.3%
Marvel
0.7%
R2-D2 Star Wars
97.3%
Marvel
0.7%
Wolverine Marvel
97.2%
Star Wars
0.9%
Princess Leia Star Wars
97.2%
Marvel
0.8%
Luke Skywalker Star Wars
97.2%
Marvel
0.9%
Darth Vader Star Wars
97.2%
Marvel
0.9%
Han Solo Star Wars
97.1%
Marvel
1%
Yoda Star Wars
97.1%
Marvel
1%
Chewbacca Star Wars
97%
Marvel
1%
Ultron Marvel
96.5%
Star Wars
1.5%
Vision Marvel
96.5%
Star Wars
1.4%
Jango Fett Star Wars
96.3%
Marvel
1.6%
Mysterio Marvel
95.8%
Star Wars
2.1%
Count Dooku Star Wars
95.1%
Marvel
2.8%
Loki Marvel
94.1%
Star Wars
4%
Supreme Leader Snoke Star Wars
93.6%
Marvel
4.4%
General Grievous Star Wars
91.9%
Marvel
5.9%
Greedo Star Wars
89.6%
Marvel
8.4%
Wedge Antilles Star Wars
85.6%
Marvel
12.3%
Arnim Zola Marvel
53%
Star Wars
45%
Yondu Udonta Marvel
52.7%
Star Wars
45.6%

You're not logged in!

Compare scores with friends on all Sporcle quizzes.
OR
Log In

Sporcle TV

Today on Sporcle TV


Watch our educational content, quiz creation guides, and fun videos on Sporcle TV.

Show Comments

Extras

Top Quizzes Today


Score Distribution

Paid Content

Your Account Isn't Verified!

In order to create a playlist on Sporcle, you need to verify the email address you used during registration. Go to your Sporcle Settings to finish the process.

Report this User

Report this user for behavior that violates our Community Guidelines.

Details: